Study of the Complex Formation Between Amine Local Anesthetics and Uncouplers of Oxidative Phosphorylation Carbonyl Cyanide Phenylhydrazones

Bibliographic Details
Main Authors: Kolajová, M. (Author), Antalík, Marián, 1952- (Author), Šturdík, Ernest, 1947-2014 (Author)
Format: Article
Language:Slovak
English

MARC

LEADER 00000nab a2200000 a 4500
001 vtls010736220
003 SK-MaSNL
005 20260304190854.0
008 250709s1993 xo |||||||||||||||||slo|
035 |a (urnnbn)urn:nbn:sk:snk:ar-a05igz 
035 |a (uuid)50d5a9a9-738c-409a-be7a-9765fbbe8c32 
035 |a urn:nbn:sk:snk-ab3xo9 
040 |a SNKBUCL  |b slo  |c SNKBUCL  |e AACR2 
041 0 |a eng 
044 |a xo  |c SK 
100 1 |a Kolajová, M.  |4 aut  |9 1522706 
245 1 0 |a Study of the Complex Formation Between Amine Local Anesthetics and Uncouplers of Oxidative Phosphorylation Carbonyl Cyanide Phenylhydrazones  |c M. Kolajová, M. Antalík, E. Šturdík 
700 1 |a Antalík, Marián,  |d 1952-  |4 aut  |9 39694 
700 1 |a Šturdík, Ernest,  |d 1947-2014  |4 aut  |9 240302 
773 0 |t General physiology and biophysics : an international journal  |g Roč. 12, č. 3 (1993), s. 213-229 
850 |a Slovenská národná knižnica 
852 |a Slovenská národná knižnica 
958 |a article1 
958 |a OND 
958 |a EUIPO 
999 |c 3051675  |d 3053605